Catálogo
 En Linea

Vida y pensamiento del Dr. José Francisco Peña Gómez / (Registro nro. 25788)

Detalles MARC
000 -CABECERA
campo de control de longitud fija 01539nam a2200265 a 4500
001 - NÚMERO DE CONTROL
campo de control 000026296
003 - IDENTIFICADOR DEL NÚMERO DE CONTROL
campo de control DO-SdBNP
005 - FECHA Y HORA DE LA ÚLTIMA TRANSACCIÓN
campo de control 20260304085435.0
008 - DATOS DE LONGITUD FIJA--INFORMACIÓN GENERAL
campo de control de longitud fija 110310s2000 dr c 000 0 spa d
040 ## - FUENTE DE LA CATALOGACIÓN
Centro catalogador/agencia de origen DO-SdBNP
Lengua de catalogación spa
Centro/agencia transcriptor BNPHU
082 #4 - NÚMERO DE LA CLASIFICACIÓN DECIMAL DEWEY
Número de clasificación 923.27293
Número de documento/Ítem P349u
Número de edición 22
100 1# - ENTRADA PRINCIPAL--NOMBRE DE PERSONA
Nombre de persona Uffre Báez, Luis Gilberto
9 (RLIN) 53325
245 10 - MENCIÓN DE TÍTULO
Título Vida y pensamiento del Dr. José Francisco Peña Gómez /
Mención de responsabilidad, etc. Luis Gilberto Uffre Báez, Rainer Manuel Castillo Peralta, Juan Aquino Ramírez.
260 ## - PUBLICACIÓN, DISTRIBUCIÓN, ETC.
Lugar de publicación, distribución, etc. Santo Domingo :
Nombre del editor, distribuidor, etc. Instituto de Ciencias Políticas y Administración del PRD,
Fecha de publicación, distribución, etc. 2000.
300 ## - DESCRIPCIÓN FÍSICA
Extensión 151 p. :
Otras características físicas il., retrs. ;
Dimensiones 22 cm.
500 ## - NOTA GENERAL
Nota general Incluye referencias bibliográficas y notas al pie de las páginas
505 0# - NOTA DE CONTENIDO CON FORMATO
Nota de contenido con formato Presentación: Peña Gómez y la juventud dominicana /
Mención de responsabilidad Peggy Cabral Peña Gómez --
Título Perfil biográfico del Dr. José Francisco Peña Gómez /
Mención de responsabilidad Luis Gilberto Uffre Báez --
Título Curriculum vitae del Dr. José Francisco Peña Gómez --
-- Vida y pensamiento del Dr. José Francisco Peña Gómez /
Mención de responsabilidad Rainier Manuel Castillo Peralta --
Título Vida y pensamiento del Dr. José Francisco Antonio Peña Gómez /
Mención de responsabilidad Juan Aquino Ramírez --
Título Bibliografía --
Información miscelánea Anexo.
600 10 - PUNTO DE ACCESO ADICIONAL DE MATERIA--NOMBRE DE PERSONA
Nombre de persona Peña Gomez, Jose Francisco ,
Fechas asociadas al nombre 1937-1998
Subdivisión general Pensamiento político
9 (RLIN) 2994
650 #4 - PUNTO DE ACCESO ADICIONAL DE MATERIA--TÉRMINO DE MATERIA
Término de materia o nombre geográfico como elemento de entrada Políticos
Subdivisión geográfica República Dominicana
9 (RLIN) 1349
651 #0 - PUNTO DE ACCESO ADICIONAL DE MATERIA--NOMBRE GEOGRÁFICO
Nombre geográfico República Dominicana
Subdivisión general Política y gobierno
9 (RLIN) 45
700 1# - PUNTO DE ACCESO ADICIONAL--NOMBRE DE PERSONA
Nombre de persona Castillo Peralta, Rainer Manuel
9 (RLIN) 53326
700 1# - PUNTO DE ACCESO ADICIONAL--NOMBRE DE PERSONA
Nombre de persona Aquino Ramírez, Juan
9 (RLIN) 53327
910 ## - DATOS DE OPCIÓN DEL USUARIO (OCLC)
Datos de opción del usuario Validado. Control de la calidad EMS.
942 ## - ELEMENTOS DE PUNTO DE ACCESO ADICIONAL (KOHA)
Fuente del sistema de clasificación o colocación Dewey Decimal Classification
Tipo de ítem Koha Libro
Existencias
Estado de retiro Estado de pérdida No para préstamo Código de colección Localización permanente Ubicación/localización actual Ubicación en estantería Fecha de adquisición Número de inventario Total de préstamos Signatura topográfica completa Código de barras Fecha visto por última vez Precio válido a partir de Tipo de ítem Koha
    Excluido de préstamo Patrimonio Dominicano Patrimonio Dominicano Patrimonio Dominicano Depósito 10.03.2011 LF1   923.27293 P349u 26296-10 25.06.2020 25.06.2020 Libro y Folleto Colección Patrimonio Dominicano

Con tecnología Koha